Pla regional d'equipaments esportius
Descripción Física:
45 f., il. ; 30 cm
MARC
| LEADER | 00000nam a2200000Ia 4500 | ||
|---|---|---|---|
| 001 | 24251 | ||
| 008 | 160829s1993 xx 000 0 cat d | ||
| 080 | |a FU-65-1 | ||
| 245 | |a Pla regional d'equipaments esportius | ||
| 260 | |a [Barcelona] : |b Diputació de Barcelona. Àrea d'Esports, |c 1993 | ||
| 300 | |a 45 f., il. ; |c 30 cm | ||
| 650 | |a Instal·lacions esportives |x Barcelona (província) |9 50272 | ||
| 710 | |a Barcelona (Catalunya : Província). |b Àrea d'Esports |9 53827 | ||
| 901 | |a Arxiu | ||
| 942 | |n 1 | ||
| 952 | |0 0 |1 0 |4 0 |6 FU651 |7 1 |9 55923 |a Arxiu |b Arxiu |d 2016-12-01 |l 0 |o FU-65-1 |p 24251 |r 2016-12-01 00:00:00 |w 2016-12-01 |y ARXIU | ||
| 999 | |c 59796 |d 59796 | ||